000 01626nam0a22003011 4500
001 rc\526218
005 20030616165338.8
035 _a(NLR Aleph) 005764771
090 _a4975359
_c4975359
100 _a20030616d1988 u |0rusy50 ca
101 0 _arus
102 _aRU
105 _ay |||||||||
200 1 _aПроблемы использования и охраны вод Молдавии
_f[В.С. Снеговой, В.В. Сластихин, А.Н. Черепков и др.]
_gПод ред. А.М. Монюшко
_gАН МССР, Респ. совет по координации межотрасл. науч.-техн. пробл., Науч.-техн. пробл. 01 "Вод. ресурсы"
210 _aКишинев
_cШтиинца
_d1988
215 _a79, [2] с.
_d21
300 _aАвт. указаны на обороте тит. л.
320 _aСписок основных опубл. работ по тематике респ. межотрасл. науч.-техн. пробл. 01 "Вод. ресурсы": с. 71-77
320 _aСписок авт. свидетельств: с. 77-78
320 _aБиблиогр.: с. 65-67 (42 назв.)
701 1 _aСнеговой
_bВ. С.
_gВладимир Семенович
702 1 _aМонюшко
_bА. М.
_gАлександр Мечиславович
_4340
712 0 2 _aМолдавский респ. совет по координации межотраслевых науч.-техн. проблем
_cКишинев
801 0 _aRU
_bNLR
_gpsbo
801 1 _aRU
_bELAR
_2rusmarc
852 _aNLR
_j88-6/1944
942 _cBOOK
980 _aNB